Statistiques concernant Qui se cache derrière cette énigme ?

Cliquez ici pour prendre le quiz!

Statistiques générales

  • Ce quiz a été pris 22 fois
  • Le résultat moyen est 3 sur 9

Statistiques - réponses

HintRéponse% Correct
Il ne faut rien regretter,même sous le ciel de Paris. on s'y retrouvera toujours dans la foulePIAF
90%
Une poigne de fer pour la Dame. Mineurs, affamés en feront les fraisTHATCHER
60%
C'est long 27 ans... mais Ubuntu prône la réconciliation. D'une cellule au palais, quel destin pour "Rolihlahla"MANDELA
35%
Parti avant les siens, loin des yeux de l'Occident, il nous manque, évidemment...BALAVOINE
25%
De la 3e il fut le 1er, sans thé mais avec deux aîlesMILLERRAND
15%
La guitare enragée s'est tue, Thérèse est triste. Il y a même the blues in Clermont-FerrandCOLUCHE
10%
Insulté en chanson par Leïla HUISSOUD
BRASSENS
10%
Le Boss en rêvait, Barna l'accueillit. Avant que "Caroline" n'amorce son déclinMARADONA
5%
En état de grâce, il ne peut s'empêcher de tomber amoureuxELVIS RESLEY
0%

Distribution des résultats

Percentile par nombre de réponses

% des personnes avec chaque résultat

Votre développement - résultats

Vous n’avez pas pris ce quiz